[Event "IECC M email"]
[Site "IECC email"]
[Date "2003.11.11"]
[Round "?"]
[White "Graham, Gary"]
[Black "Smyth, Mark"]
[Result "0-1"]
[WhiteElo "1229"]
[BlackElo "1277"]
[PlyCount "24"]
[EventDate "2003.??.??"]
[EventType "tourn (corr)"]
[EventRounds "6"]
[SourceTitle "Corr 2008"]
[Source "ChessBase"]
[SourceDate "2008.06.24"]
[SourceVersion "1"]
[SourceVersionDate "2008.06.24"]
[SourceQuality "1"]

1. e4 c5 2. Nf3 Nc6 3. g3 g6 4. Bg2 Bg7 5. 0-0 d6 6. d3 Nf6 7. b3 0-0 8. Bb2 Bg4 9. h3 Be6 10. Nbd2 Nh5 11. Bxg7 Nxg7 12. c4 b6 0-1

[Event "IECC M email"]
[Site "IECC email"]
[Date "2003.11.11"]
[Round "?"]
[White "Smyth, Mark"]
[Black "Graham, Gary"]
[Result "1-0"]
[WhiteElo "1262"]
[BlackElo "1244"]
[PlyCount "23"]
[EventDate "2003.??.??"]
[EventType "tourn (corr)"]
[EventRounds "6"]
[SourceTitle "Corr 2008"]
[Source "ChessBase"]
[SourceDate "2008.06.24"]
[SourceVersion "1"]
[SourceVersionDate "2008.06.24"]
[SourceQuality "1"]

1. e4 e5 2. Nc3 d6 3. Nf3 Nf6 4. b3 g6 5. d4 Nbd7 6. Bb2 b6 7. Qd2 Bb7 8. Bd3 Bg7 9. Ng5 0-0 10. Nb5 a6 11. Na3 h6 12. Nf3 1-0